000
00244 a2200097 4500
020
_a
9789370987296
100
_a
P. K. Parakkadavu
245
_a
Verukalude chora(വേരുകളുടെ ചോര)
260
_b
D C books
_c
2025
942
_c
OO
999
_c
115333
_d
115332